Online Catalogue and eLibrary

An atlas of world affairs (Record no. 3434)

MARC details
000 -LEADER
fixed length control field 00456nam a2200193Ia 4500
005 - DATE AND TIME OF LATEST TRANSACTION
control field 20250124054343.0
008 - FIXED-LENGTH DATA ELEMENTS--GENERAL INFORMATION
fixed length control field 240331s9999 xx 000 0 und d
020 ## - INTERNATIONAL STANDARD BOOK NUMBER
ISBN 041506625
082 ## - DDC Classification
Item Number - Author Mark BOY
Class No. 911
100 ## - MAIN ENTRY--PERSONAL NAME
Personal name Boyd, A
245 #3 - TITLE STATEMENT
Title An atlas of world affairs
250 ## - EDITION STATEMENT
Edition statement 9th
260 ## - PUBLICATION, DISTRIBUTION, ETC.
Place of publication, distribution, etc. New York
Name of publisher, distributor, etc. Routledge
Date of publication, distribution, etc. 1991
300 ## - PHYSICAL DESCRIPTION
Extent (e.g. Volumes, Pages etc.) 240 p .,
650 ## - SUBJECT ADDED ENTRY--TOPICAL TERM
Topical term or geographic name entry element World Politics
650 ## - SUBJECT ADDED ENTRY--TOPICAL TERM
Topical term or geographic name entry element 1945 Maps
650 ## - SUBJECT ADDED ENTRY--TOPICAL TERM
Topical term or geographic name entry element Historical Geography Maps
942 ## - Koha item type (Biblio)
Koha item type Books in Stacks (Lending)
Holdings
Lost status Damaged status Collection code Home library Current library Shelving location Date acquired Full call number Accession Number Item type
    Lending WERC Library WERC Library Social Science Cupboard 03/31/2024 911 BOY 3933 Books in Stacks (Lending)

© WERC Library